The handbook of high-performance virtual teams : (Record no. 4823)

000 -LEADER
fixed length control field nam a22 7a 4500
003 - CONTROL NUMBER IDENTIFIER
control field AKMAL
005 - DATE AND TIME OF LATEST TRANSACTION
control field 20200306093223.0
008 - FIXED-LENGTH DATA ELEMENTS--GENERAL INFORMATION
fixed length control field 2003 s2008 xxua e 001 0 eng d
020 ## - INTERNATIONAL STANDARD BOOK NUMBER
International Standard Book Number 9780470176429 (hbk.) :
Terms of availability RM290.00
040 ## - CATALOGING SOURCE
Original cataloging agency AKMAL
082 04 - DEWEY DECIMAL CLASSIFICATION NUMBER
Classification number 658.4022 HAN
Edition number 22
090 00 - LOCALLY ASSIGNED LC-TYPE CALL NUMBER (OCLC); LOCAL CALL NUMBER (RLIN)
Classification number (OCLC) (R) ; Classification number, CALL (RLIN) (NR) 658.4022
Local cutter number (OCLC) ; Book number/undivided call number, CALL (RLIN) HAN
245 04 - TITLE STATEMENT
Title The handbook of high-performance virtual teams :
Remainder of title a toolkit for collaborating across boundaries /
Statement of responsibility, etc. Jill Nemiro ... [et al.]
246 30 - VARYING FORM OF TITLE
Title proper/short title High-performance virtual teams
260 ## - PUBLICATION, DISTRIBUTION, ETC.
Place of publication, distribution, etc. San Francisco :
Name of publisher, distributor, etc. Jossey-Bass,
Date of publication, distribution, etc. 2008
300 ## - PHYSICAL DESCRIPTION
Extent 764p. :
Other physical details ill. ;
Dimensions 25cm.
504 ## - BIBLIOGRAPHY, ETC. NOTE
Bibliography, etc. note Includes bibliographical references and index
650 10 - SUBJECT ADDED ENTRY--TOPICAL TERM
Topical term or geographic name entry element Virtual work teams
General subdivision Management
Form subdivision Handbooks, manuals, etc.
9 (RLIN) 9185
650 20 - SUBJECT ADDED ENTRY--TOPICAL TERM
Topical term or geographic name entry element Teams in the workplace
General subdivision Management
Form subdivision Handbooks, manuals, etc.
9 (RLIN) 9186
650 20 - SUBJECT ADDED ENTRY--TOPICAL TERM
Topical term or geographic name entry element Performance
General subdivision Management
Form subdivision Handbooks, manuals, etc.
9 (RLIN) 9187
700 1# - ADDED ENTRY--PERSONAL NAME
Personal name Nemiro, Jill E.,
Dates associated with a name 1954-
9 (RLIN) 9188
942 ## - ADDED ENTRY ELEMENTS (KOHA)
Source of classification or shelving scheme
Koha item type Book
Holdings
Withdrawn status Lost status Source of classification or shelving scheme Damaged status Not for loan Collection code Home library Current library Shelving location Date acquired Inventory number Total Checkouts Full call number Barcode Date last seen Price effective from Koha item type
          NON-FICTION AKMAL Melaka AKMAL Melaka PINJAMAN 06.03.2020 011292   658.4022 HAN 201707846 16.06.2020 06.03.2020 Book
Pusat Sumber Maklumat Dato' Haji Sarmin Md Hussin, Akademi Kastam Diraja Malaysia, Melaka
Tel: 06-2331106 | Faks: 06-2313787